000 00405 a2200193 4500
245 _aManuel clinique d'acupuncture traditionnelle
100 _aBoesarello, J.
260 _c1981
300 _a236 p.
035 _a2837
035 _a2838
035 _a2835
035 _a4136
035 _a2836
035 _a3228
999 _c17534
_d17534